000 00692cam a22002292 4500
001 0000023678
005 20151217152246.0
008 130315s xx 000 0 eng d
020 _a0199226573 :
040 _aKABU
_cKABU
245 1 0 _aEmergencies in adult nursing /
_cedited by Philip Downing.
250 _a1st ed.
260 _aOxford :
_bO. U. P.,
_c2009.
300 _axxvii, 447 p.
650 0 _aEmergency nursing.
_@0000183307
650 0 _aNursing diagnosis.
_@0000183308
650 0 _aEmergencies
_vHandbooks.
_@0000183309
700 1 _aDowning, Philip.
_@0000183310
852 1 _9p2795 KES
908 _a130315
950 _@1
999 _c9926
_d9926